00340 a2200109 450000100060000008200100000610000410001624500610005726000450011830000440016350000230020787632 aPR 13 aShafaq Naz, Plt Off 15200, 69 (B) EC aDesign, Testing and fabrication of a mobile phone jammer aRisalpurbCAE PAF Academy Risalpurc2010 aix, 78 p.eJahangir Khan Kayani Gp Capt aBE Project Reports